Car brands with animals - Statistics

General Stats
  • This quiz has been taken 65 times
  • The average score is 9 of 16
Answer Stats
Car Brand Animal % Correct
Ferrari Horse
100%
Jaguar Jaguar
100%
Ford Mustang Horse
94%
Dodge Ram Ram
88%
Dodge Viper Snake
88%
Peugeot Lion
85%
Lamborghini Bull
73%
Porsche Horse
69%
Alfa Romeo Snake
52%
Fiat Abarth Scorpion
33%
Saab Griffin
27%
Holden Lion
25%
Vauxhall Griffin
21%
Duesenberg Eagle
17%
Packard Pelican
17%
SsangYong Dragon
15%
No matching quizzes found
Score Distribution
Percent of People with Each Score
Percentile by Number Answered
Your Score History
You have not taken this quiz